000 00369nam a22001217a 4500
999 _c10085
_d10085
003 OSt
008 201218b ||||| |||| 00| 0 eng d
245 _aJournal of Information and Optimization Sciences
250 _a2018(Apr Vol.39 No.3, May Vol.39 No.4, Jul Vol.39 No.5)
260 _aNew Delhi
_bTaru Publications
650 _aInformation Technology
942 _2ddc
_cBV